[Advertisement for Bristol City Auction Mart] (Record no. 116460)
[ view plain ]
| 000 -LEADER | |
|---|---|
| fixed length control field | 00851cam a22002175a 4500 |
| 001 - CONTROL NUMBER | |
| control field | L140758 |
| 008 - FIXED-LENGTH DATA ELEMENTS--GENERAL INFORMATION | |
| fixed length control field | 071010s1816 xxk eng u |
| 035 ## - SYSTEM CONTROL NUMBER | |
| System control number | (Sirsi) u140758 |
| 041 0# - LANGUAGE CODE | |
| Language code of text/sound track or separate title | eng |
| 245 01 - TITLE STATEMENT | |
| Title | [Advertisement for Bristol City Auction Mart] |
| 260 ## - PUBLICATION, DISTRIBUTION, ETC. | |
| Place of publication, distribution, etc. | S.l. |
| Name of publisher, distributor, etc. | s.n. |
| Date of publication, distribution, etc. | 1816 |
| 300 ## - PHYSICAL DESCRIPTION | |
| Extent | 1 sheet |
| Dimensions | 11 x 18 cm. + |
| Accompanying material | 2 sheets (32 x 20 cm. |
| 340 ## - PHYSICAL MEDIUM | |
| Material base and configuration | Engraving |
| 351 ## - ORGANIZATION AND ARRANGEMENT OF MATERIALS | |
| Hierarchical level | Single item |
| 500 ## - GENERAL NOTE | |
| General note | Advertisement for Wise, auctioneer and appraiser, at the Bristol City Auction Mart. The engraving has been removed from a book. |
| 500 ## - GENERAL NOTE | |
| General note | Item is accompanied by some notes from the donor on the Bristol City Auction Mart, and a letter from the donor dated 4 August 1911. |
| 600 14 - SUBJECT ADDED ENTRY--PERSONAL NAME | |
| Personal name | Wise, Samuel |
| 651 4# - SUBJECT ADDED ENTRY--GEOGRAPHIC NAME | |
| Geographic name | Bristol |
| 690 ## - LOCAL SUBJECT ADDED ENTRY--TOPICAL TERM (OCLC, RLIN) | |
| Topical term or geographic name as entry element | PROPERTY-PROPERTY ACQUISITION AND DISPOSAL-ACQUISITION AND DISPOSAL AT AUCTION |
| 942 ## - ADDED ENTRY ELEMENTS (KOHA) | |
| Suppress in OPAC | 0 |
| Withdrawn status | Lost status | Source of classification or shelving scheme | Damaged status | Not for loan | Home library | Current library | Shelving location | Date acquired | Total Checkouts | Full call number | Barcode | Date last seen | Copy number | Price effective from | Koha item type |
|---|---|---|---|---|---|---|---|---|---|---|---|---|---|---|---|
| Dewey Decimal Classification | London | London | Basement | 10/10/2007 | BASEMENT BOX 2 | 140758-1001 | 06/08/2019 | 1 | 06/08/2019 | Archive |